00525 2200181 4500245007000000020002200070250001000092100002300102700001300125650003600138650001000174005001900184260008200203041001400285084001200299300002300311336000900334 aPedoman Penyuntingan Naskah Cerita AnakcSetyo Untoro, dkk.hText a978-623-118-861-8 aCet.1 aSetyo Untoro, dkk. aRiswanto aPenyuntingan Naskah Cerita Anak aEbook a20250317083653 aJakarta TimurbKementerian Pendidikan, Kebudayaan, Riset, dan Teknologic2023 aIndonesia a398.209 a122 hlm. :c21 cm. atext